The philosophy of religion in India / (Record no. 64121)

MARC details
000 -LEADER
fixed length control field 00463nam a22001577a 4500
005 - DATE AND TIME OF LATEST TRANSACTION
control field 20180806114257.0
020 ## - INTERNATIONAL STANDARD BOOK NUMBER
International Standard Book Number 8180900797
Terms of availability 400.00
035 ## - SYSTEM CONTROL NUMBER
System control number B-223926, B-223925
037 ## - SOURCE OF ACQUISITION
Stock number DPL
Source of stock number/acquisition ENG
100 ## - MAIN ENTRY--PERSONAL NAME
Personal name Dayanand, Swami
245 ## - TITLE STATEMENT
Title The philosophy of religion in India /
Statement of responsibility, etc by Swami Dayanand
250 ## - EDITION STATEMENT
Edition statement rev. ed. 2005
260 ## - PUBLICATION, DISTRIBUTION, ETC. (IMPRINT)
Place of publication, distribution, etc Delhi
Name of publisher, distributor, etc Bharatiya Kala Prakashan
Date of publication, distribution, etc 2005
300 ## - PHYSICAL DESCRIPTION
Extent xxiii, 243p.
Dimensions 20 cms.
942 ## - ADDED ENTRY ELEMENTS (KOHA)
Source of classification or shelving scheme Dewey Decimal Classification
Item type English Books
Classification part 181.4
Call number suffix DAY
Holdings
Withdrawn status Lost status Not for loan Collection code Home library Current library Date acquired Cost, normal purchase price Full call number Barcode Cost, replacement price Koha item type Source of acquisition
      Non-fiction Patel Nagar Patel Nagar 06/08/2018 400.00 181.4 DAY B-223925 400.00 English Books BPPD/PUB
      Non-fiction Sarojini Nagar Sarojini Nagar 19/03/2012 400.00 181.4 DAY B-223926 400.00 English Books  

© Delhi Public Library
Hit Counter
free hit counter